| 000 | 01410cam a22003254a 4500 | ||
|---|---|---|---|
| 001 | 11983835 | ||
| 005 | 20040707120638.0 | ||
| 008 | 000424s2000 nyua b 001 0 eng | ||
| 020 | _a9780071476874 | ||
| 020 | _a0071476873 | ||
| 040 |
_aDLC _cDLC _dDLC |
||
| 042 | _apcc | ||
| 050 | 0 | 0 |
_aTS513 _b.S55 2000 |
| 082 | 0 | 0 |
_a621.36 _221 _bSMI |
| 100 | 1 |
_aSmith, Warren J. _94131 |
|
| 245 | 1 | 0 |
_aModern optical engineering : _bthe design of optical systems / _cWarren J. Smith. |
| 250 | _a4th. ed. | ||
| 260 |
_aNew York : _bMcGraw Hill, _c2008. |
||
| 300 |
_axvii, 754 p. : _bill. ; _c24 cm. |
||
| 500 | _aIncludes Index. | ||
| 500 | _aIncludes Glossary. | ||
| 504 | _aIncludes bibliographical references and index. | ||
| 650 | 0 |
_aOptical instruments _xDesign and construction. _94132 |
|
| 856 | 4 | 2 |
_3Contributor biographical information _uhttp://www.loc.gov/catdir/bios/mh041/00032907.html |
| 856 | 4 | 2 |
_3Publisher description _uhttp://www.loc.gov/catdir/description/mh021/00032907.html |
| 856 | 4 | 1 |
_3Table of contents _uhttp://www.loc.gov/catdir/toc/mh021/00032907.html |
| 942 |
_2ddc _cBB |
||
| 999 |
_c11399 _d11399 |
||